| 000 | 00000nam##2200000za#4500 |
| 001 | 9.571706 |
| 003 | CaOODSP |
| 005 | 20211126112845 |
| 007 | cr ||||||||||| |
| 008 | 150406|1999||||xxc|||||o f|0| 0 eng|d |
| 022 | |a1701-9397 |
| 040 | |aCaOODSP|beng |
| 043 | |an-cn--- |
| 086 | 1 |aFB3-2/99-4E-PDF |
| 110 | 2 |aBank of Canada. |
| 245 | 13|aAn intraday analysis of the effectiveness of foreign exchange intervention / |h[electronic resource]|cby Neil Beattie and Jean-François Fillion. |
| 260 | |aOttawa - Ontario : |bBank of Canada |cFebruary 1999. |
| 300 | |a43p.|bgraphs, references, tables |
| 490 | 1 |aBank of Canada working paper|x1701-9397|v99-4 |
| 500 | |a"This paper assesses the effectiveness of Canada's official foreign exchange intervention in moderating intraday volatility of the Can$/US$ exchange rate, using a 2-1/2-year sample of 10-minute exchange rate data."--Abstract. |
| 500 | |aThe ISBN (0-662-27629-9) and ISSN (1192-5434) for the print edition have been incorrectly copied in this electronic publication. |
| 520 | 3 |aThis paper assesses the effectiveness of Canada's official foreign exchange intervention in moderating intraday volatility of the Can$/US$ exchange rate, using a 2-1/2-year sample of 10-minute exchange rate data.--Abstract |
| 546 | |aRésumé en français. |
| 590 | |a11-20-Supp|b2011-09-29 |
| 690 | 07|aExchange rates|2gcpds |
| 690 | 07|aMonetary policy|2gcpds |
| 720 | 1 |aFillion, Jean-François |
| 720 | 1 |aBeattie, Neil |
| 776 | 0#|tAn intraday analysis of the effectiveness of foreign exchange intervention / |w(CaOODSP)9.614763 |
| 830 | #0|aWorking paper (Bank of Canada)|x1701-9397|v99-4|w(CaOODSP)9.504604 |
| 856 | 40|ahttp://publications.gc.ca|qPDF|s398 KB|uhttps://publications.gc.ca/collections/Collection/FB3-2-99-4E.pdf|y99-4 |